Cái kỳ ảo trong tác phẩm Balzac

Xác định bản chất, vai trò, chức năng nghệ thuật của cái kỳ ảo trong tác phẩm Balzac

Gardado en:
Detalles Bibliográficos
Autor Principal: Lê Nguyên Cần
Formato: Libro
Idioma:Vietnamese
Publicado: H. Nxb. Đại học Sư phạm 2003
Edición:Tái bản lần thứ nhất có sửa chữa và bổ sung
Những chủ đề:
Các nhãn: Engadir etiqueta
Sen Etiquetas, Sexa o primeiro en etiquetar este rexistro!
Thư viện lưu trữ: Mạng thư viện Đại học Đà Nẵng
LEADER 01173nam a2200337 4500
001 000004292
003 425
005 20131108101149.0
008 110718s2003 viesd
020 |c 33000đ 
041 0 |a vie 
082 |a 840.1  |b LE-C 
100 0 |a Lê Nguyên Cần 
245 0 |a Cái kỳ ảo trong tác phẩm Balzac  |c Lê Nguyên Cần 
250 |a Tái bản lần thứ nhất có sửa chữa và bổ sung 
260 |a H.  |b Nxb. Đại học Sư phạm  |c 2003 
300 |a 347tr  |c 20cm 
520 |a Xác định bản chất, vai trò, chức năng nghệ thuật của cái kỳ ảo trong tác phẩm Balzac 
653 |a Balzac 
700 |a Lê Nguyên Cần 
910 |d 18/07/2011 
OWN |a LSP 
AVA |a UDN50  |b LSP  |d 840.1 LE-C  |e check_holdings  |t Error 5003 Not defined in file expand_doc_bib_avail.  |h N  |k 1 
999 |a From the UDN01 
AVA |a UDN50  |b LSP  |d 840.1 LE-C  |e available  |t Error 5001 Not defined in file expand_doc_bib_avail.  |f 19  |g 0  |h N  |i 0  |k 1 
TYP |a Monograph 
TYP |a Printed language 
980 |a Mạng thư viện Đại học Đà Nẵng